LEADER 00865nas a2200205 i 4500 001 000000008520 003 CaOOAMICUS 005 20180830125439.0 008 180830n gw u0 und u 022 $a0720-0943 040 $aSeMil$bita 240 10$aRororo Taschenbücher.$0(OLS)http://semarc/title/401111 245 10$aRororo. 260 $aReinbek bei Hamburg :$bRowohlt,$c[19--] 300 $av. ;$c19 cm. 500 $aContiene sezioni : Rororo. Aktuell, Sachbuch, Wissenschaft, Encyclopädie ... - La numerazione è quella della collana. 774 0 $aSchultz von Thun, Friedermann <1944- >$tMiteinander reden.$dReinbek bei Hamburg : Rowohlt, [200-?]$w()4098 996 $6022$a0720-0943$9(OLS)http://semarc/number/269711 996 $6245$aRororo$9(OLS)http://semarc/title/11300 996 $6260$aReinbek bei Hamburg :$bRowohlt$9(OLS)http://semarc/publisher/32320 LEADER 00420nab a2200133 i 4500 001 000000311614 003 CaOOAMICUS 005 20180831173036.0 008 180831n xx uu u0 0und r 013 $a20702 040 $aSeMil$bita 245 13$aLa lotta scolastica in Belgio: 1879-1884. 773 0 $t[Luglio-Dicembre].$g128-139, 287-29$w()274190 996 $6245$aLa lotta scolastica in Belgio: 1879-1884$9(OLS)http://semarc/title/386194